000
00300nam a22001337a 4500
008
170306b xxu||||| |||| 00| 0 eng d
020
_a
9780805349924
041
_a
eng
080
_2
5 ED
_a
611
100
_a
6
101
_a
SHM
245
_a
HUMAN ANATOMY PHYSIOLOGY
_c
MARIEB.E.N
942
_2
udc
_c
BK
999
_c
6919
_d
6919